Florence Greffe, José Lothe, La vie, les livres et les lectures de Pierre de l’Estoile. Nouvelles recherches, Paris, Honoré Champion, « pages d’archives » 2004. Un vol. 15 × 22 cm de 1 181 p. (notice n° 1600001)
[ vue normale ]
| 000 -LEADER | |
|---|---|
| fixed length control field | 00641cam a2200145 4500500 |
| 005 - DATE AND TIME OF LATEST TRANSACTION | |
| control field | 20251228082903.0 |
| 041 ## - LANGUAGE CODE | |
| Language code of text/sound track or separate title | fre |
| 042 ## - AUTHENTICATION CODE | |
| Authentication code | dc |
| 100 10 - MAIN ENTRY--PERSONAL NAME | |
| Personal name | Houllemare, Marie |
| Relator term | author |
| 245 00 - TITLE STATEMENT | |
| Title | Florence Greffe, José Lothe, La vie, les livres et les lectures de Pierre de l’Estoile. Nouvelles recherches, Paris, Honoré Champion, « pages d’archives » 2004. Un vol. 15 × 22 cm de 1 181 p. |
| 260 ## - PUBLICATION, DISTRIBUTION, ETC. | |
| Date of publication, distribution, etc. | 2005.<br/> |
| 500 ## - GENERAL NOTE | |
| General note | 40 |
| 786 0# - DATA SOURCE ENTRY | |
| Note | Dix-septième siècle | 227 | 2 | 2005-06-01 | p. 355k-376k | 0012-4273 |
| 856 41 - ELECTRONIC LOCATION AND ACCESS | |
| Uniform Resource Identifier | <a href="https://shs.cairn.info/revue-dix-septieme-siecle-2005-2-page-355k?lang=fr&redirect-ssocas=7080">https://shs.cairn.info/revue-dix-septieme-siecle-2005-2-page-355k?lang=fr&redirect-ssocas=7080</a> |
Pas d'exemplaire disponible.




Réseaux sociaux